De la violencia de género a la educación de la equidad social (Record no. 208894)
[ view plain ]
| 000 -CABECERA | |
|---|---|
| campo de control de longitud fija | 00902nam a22002537a 4500 |
| 003 - IDENTIFICADOR DEL NÚMERO DE CONTROL | |
| campo de control | UPN |
| 005 - FECHA Y HORA DE LA ÚLTIMA TRANSACCIÓN | |
| campo de control | 20230202063533.0 |
| 008 - ELEMENTOS DE LONGITUD FIJA--INFORMACIÓN GENERAL | |
| campo de control de longitud fija | 220928s2018 mx ||||| |||| 00| 0 spa d |
| 040 ## - FUENTE DE LA CATALOGACIÓN | |
| Centro catalogador/agencia de origen | MX-MxUPN |
| Lengua de catalogación | spa |
| Centro/agencia transcriptor | MX-MxUPN |
| 050 #4 - SIGNATURA TOPOGRÁFICA DE LA BIBLIOTECA DEL CONGRESO | |
| Número de clasificación | HV6250.4 W65 |
| Número de documento/Ítem | Q56 2018 |
| 100 1# - ASIENTO PRINCIPAL--NOMBRE PERSONAL | |
| Nombre de persona | Quintero Soto, María Luisa |
| 9 (RLIN) | 37567 |
| 100 1# - ASIENTO PRINCIPAL--NOMBRE PERSONAL | |
| Nombre de persona | Velázquez Rodríguez, Elisa B. |
| Forma completa/desarrollada del nombre | (Elisa Bertha) |
| 9 (RLIN) | 38383 |
| 100 1# - ASIENTO PRINCIPAL--NOMBRE PERSONAL | |
| Nombre de persona | Padilla Loredo, Silvia |
| 9 (RLIN) | 46839 |
| 245 10 - MENCIÓN DE TÍTULO | |
| Título | De la violencia de género a la educación de la equidad social |
| 250 ## - MENCIÓN DE EDICIÓN | |
| Mención de edición | Primera edición |
| 260 ## - PUBLICACIÓN, DISTRIBUCIÓN, ETC. | |
| Lugar de publicación, distribución, etc. | Estado de México : |
| Nombre del editor, distribuidor, etc. | Universidad Autónoma del Estado de México |
| 260 ## - PUBLICACIÓN, DISTRIBUCIÓN, ETC. | |
| Lugar de publicación, distribución, etc. | Ciudad de México : |
| Nombre del editor, distribuidor, etc. | Miguel Ángel Porrúa, |
| Fecha de publicación, distribución, etc. | ©2018. |
| 300 ## - DESCRIPCIÓN FÍSICA | |
| Extensión | 98 páginas |
| 490 ## - MENCIÓN DE SERIE | |
| Mención de serie | Estudios de género |
| 650 #4 - ASIENTO SECUNDARIO DE MATERIA - TERMINO TEMATICO | |
| Término de materia o nombre geográfico como elemento de entrada | Violencia contra las mujeres |
| 9 (RLIN) | 9029 |
| 650 #0 - ASIENTO SECUNDARIO DE MATERIA - TERMINO TEMATICO | |
| Término de materia o nombre geográfico como elemento de entrada | Igualdad |
| Subdivisión general | Estudio y enseñanza |
| 9 (RLIN) | 46859 |
| 902 ## - ELEMENTOS DE DATOS B LOCAL, LDB (RLIN) | |
| Creó | NoemiAcosta/280922 |
| 942 ## - ELEMENTOS DE PUNTO DE ACCESO ADICIONAL (KOHA) | |
| Fuente del sistema de clasificación o colocación | Library of Congress Classification |
| Tipo de ítem Koha | Libro |
| Estado de retiro | Estado de pérdida | Fuente del sistema de clasificación o colocación | Estado dañado | No para préstamo | Código de colección | Localización permanente | Ubicación/localización actual | Ubicación en estantería | Fecha de adquisición | Total de préstamos | Clasificación | Código de barras | Fecha visto por última vez | Fecha del último préstamo | Número de copia | Precio válido a partir de | Tipo de ítem Koha |
|---|---|---|---|---|---|---|---|---|---|---|---|---|---|---|---|---|---|
| Library of Congress Classification | Colección General | Bib. Gregorio Torres Quintero | Bib. Gregorio Torres Quintero | Planta baja | 28/09/2022 | 3 | HV6250.4 W65 Q56 2018 | 336023 | 22/09/2025 | 03/09/2025 | 1 | 28/09/2022 | Libro | ||||
| Library of Congress Classification | Colección General | Bib. Gregorio Torres Quintero | Bib. Gregorio Torres Quintero | Planta baja | 28/09/2022 | 3 | HV6250.4 W65 Q56 2018 | 336024 | 18/02/2025 | 05/02/2025 | Ej.2 | 28/09/2022 | Libro | ||||
| Library of Congress Classification | Colección General | Bib. Gregorio Torres Quintero | Bib. Gregorio Torres Quintero | Planta baja | 28/09/2022 | 2 | HV6250.4 W65 Q56 2018 | 336025 | 12/05/2025 | 10/04/2025 | Ej.3 | 28/09/2022 | Libro |
